000 00621nam a22001817a 4500
005 20251108165212.0
008 250721s1993 xx 000 0 ara d
082 1 4 _a370.15/زهي
100 1 _aغزاوي، زهير
245 1 0 _aنمو القيم والأتجاهات عند طفل ما قبل المدرسة :
_bدراسة في علم النفس التربوي ... /
264 1 _aبيروت :
_bدار المبتدأ للطباعة والنشر،
_c1993.
300 _a265ص
650 1 7 _aعلم النفس التربوي
650 1 7 _aالطفل
650 1 7 _aدراسة
942 _2ddc
_cBK
999 _c22018
_d22018